000 00651nam a2200229 a 4500
001 000041210
003 DO-SdBNP
005 20230213133441.0
007 ta
008 130925s1980 dr a 000 0 spa d
020 _a848952503x
040 _aDO-SdBNP
_bspa
_cBNPHU
082 4 _222
100 1 _aPagán, Orlando
_967782
245 1 0 _aQuímica general :
_bmanual de problemas y ejercicios /
_cOrlando Pagán, Miguel Lajara.
260 _aSanto Domingo, :
_bINTEC,
_c1980.
300 _axi, 70 p. :
_bilustraciones ;
_c23 p.
490 1 _aEducación
_v2
700 1 _aLajara, Miguel
_967783
830 0 _aEducación
_n2
_967784
942 _2ddc
_cLBS1
999 _c40700
_d40700